Представление документа в формате RUSMARC

ПолеНазваниеЗначение
  Тип записи a
  Библиографический уровень m
001 Контрольный номер RU/SLIB/B/208712989
005 Дата корректировки 20260421165053.2
010 Индекс ISBN __
d Цена 10-00
9 Тираж 35 экз.
100 Данные общей обработки __
a Данные общей обработки 20260406d1999 m y0rusy028902 ca
101 Язык документа 0_
a Язык текста rus
102 Страна публикации __
a Страна публикации RU
105 Кодированные данные (монография) __
a Кодированные данные (монография) y a 010yy
181 Поле кодированных данных: вид содержания _0
a Код вида содержания (ISBD) i
182 Поле кодированных данных: тип средства _0
a Код типа средства (ISBD) n
200 Заглавие и сведения об ответственности 1_
a Заглавие Никон Васильевич Сочихин
e Сведения, относящиеся к заглавию библиографический указатель (1977-1998) : к 60-летию со дня рождения
f Первые сведения об ответственности Муниципальное учреждение культуры Сургутская ЦБС, Центральная городская библиотека
g Последующие сведения об ответственности составитель: Г. Библая ; консультант: Р. Истомина ; ответственный за выпуск: Г. Андреева
203 Вид содержания и тип средства __
a Вид содержания Текст
c Тип средства непосредственный
210 Выходные данные 1_
a Место издания Сургут
c Издательство МУК ЦБС
d Дата издания 1999
215 Физическое описание __
a Объем 12 с.
d Формат 20 см
300 Общие примечания __
a Общие примечания Заглавие на обложке: "Моя душа познала..."
a Общие примечания Обязат. экз.
300 Общие примечания __
a Общие примечания На титульной странице автограф Н. В. Сочихина: "Я был и остался (неразборчиво). Поэзия - это душа... Среди тайги безбрежной. 18.09.99" (1 экз.)
330 Аннотация __
a Аннотация Настоящий указатель издан к 60-летию со дня рождения поэта Н. В. Сочихина и содержит перечень книг и публикаций в периодических и других изданиях за период с 1977 по 1998 годы. Предназначен для литературоведов, учителей, библиотечных работников и всех тех, кто интересуется творчеством Н. В. Сочихина.
512 Заглавие обложки 1_
a Заглавие обложки Моя душа познала...
517 Другие варианты заглавия 1_
a Другие варианты заглавия 60-летие со дня рождения Н. В. Сочихина
532 Расширенное заглавие 10
a Расширенное заглавие Шестидесятилетие со дня рождения Н. В. Сочихина
600 Персоналии _1
a Персоналии (Фамилия) Сочихин
g Полное имя Никон Васильевич
2 Код системы nlr_sh
b Персоналии (Имя) Н. В.
f Даты 1939-
606 Тематические рубрики __
a Основная рубрика Литература универсального содержания
2 Код системы nlr_sh
606 Тематические рубрики __
a Основная рубрика Литературоведение
z Хронологическая подрубрика 20 в.
y Географическая подрубрика Россия
y Географическая подрубрика Тюменская область
y Географическая подрубрика ХМАО
y Географическая подрубрика Ханты-Мансийский автономный округ
y Географическая подрубрика Сургут
2 Код системы nlr_sh
606 Тематические рубрики __
a Основная рубрика Библиографические пособия
2 Код системы nlr_sh
606 Тематические рубрики __
a Основная рубрика Русская литература XX в.
2 Код системы nlr_sh
610 Ключевые слова 0_
a Ключевые слова библиография
610 Ключевые слова 0_
a Ключевые слова поэты
610 Ключевые слова 0_
a Ключевые слова персоналии
610 Ключевые слова 0_
a Ключевые слова литературная деятельность
610 Ключевые слова 0_
a Ключевые слова краеведение
610 Ключевые слова 0_
a Ключевые слова литературное краеведение
686 Индексы других классификаций __
a Классификационный индекс К91.9:83
2 Код системы rubbks
686 Индексы других классификаций __
a Классификационный индекс К83.3(2Рос=Рус)6-8я1 ; стК91.9:83 + стК83.3(2Рос=Рус)6я1
2 Код системы rubbks
702 Вторичная интеллектуальная ответственность _1
a Фамилия Библая
b Имя Г. Н.
4 Код отношения 220
f Даты 1952-
g Полное личное имя Галина Николаевна
702 Вторичная интеллектуальная ответственность _1
a Фамилия Истомина
b Имя Р. Д.
g Полное личное имя Раиса Дмитриевна
4 Код отношения 255
702 Вторичная интеллектуальная ответственность _1
a Фамилия Андреева
b Имя Г. Ю.
g Полное личное имя Галина Юрьевна
4 Код отношения 570
702 Вторичная интеллектуальная ответственность _1
a Фамилия Сочихин
b Имя Н. В.
f Даты 1939-
g Полное личное имя Никон Васильевич
4 Код отношения 450
712 Наименование организации (Вторичная ответственность) 02
a Организация/ юрисдикция Муниципальное бюджетное учреждение культуры "Централизованная библиотечная система"
c Место постоянной организации Сургут
712 Наименование организации (Вторичная ответственность) 02
a Организация/ юрисдикция Центральная городская библиотека им. А. С. Пушкина
c Место постоянной организации Сургут
801 Источник записи _0
a Страна RU
b Организация Муниципальное бюджетное учреждение культуры "Централизованная библиотечная система" г. Сургут (Центральная городская библиотека им. А. С. Пушкина)
g Правила каталогизации PSBO
c Дата составления 20010531
801 Источник записи _1
a Страна RU
b Организация Муниципальное бюджетное учреждение культуры "Централизованная библиотечная система" г. Сургут (Центральная городская библиотека им. А. С. Пушкина)
g Правила каталогизации PSBO
c Дата составления 20010531
852 Данные о местонахождении __
j Шифр хранения К91.9:83
i Авторский знак С 69
p Инвентарный номер Б/Н
900 Макрообъекты __
a Макрообъекты Дарственная надпись автора (Моя душа познала... Сочихин, Н., 1999)
900 Макрообъекты __
a Макрообъекты Моя душа познала... Сочихин, Н., 1999
901 Тип документа __
t Тип документа m
a Ответственный КиК/Котельникова
901 Тип документа __
a Ответственный 4 партия
903 Характеристики (МАРС) __
a Дата передачи 20260406; 20010531
c Наименование библиотеки (МАРС) Муниципальное бюджетное учреждение культуры "Централизованная библиотечная система" г. Сургут (Центральная городская библиотека им. А. С. Пушкина)
969 Тип издания __
a Тип издания брошюра
a Тип издания библиографический указатель
990 Данные о заказе (DOS) __
h N записи в КСУ для Б/У (DOS) 200105
j Количество экземпляров (DOS) 1; 7
t N записи в КСУ для И/У (DOS) 202604